Normal view MARC view
  • Maddala, G. S.

Entry Personal Name

Number of records used in: 1

001 - CONTROL NUMBER

  • control field: 38612

003 - CONTROL NUMBER IDENTIFIER

  • control field: OSt

005 - DATE AND TIME OF LATEST TRANSACTION

  • control field: 20151029155441.0

008 - FIXED-LENGTH DATA ELEMENTS

  • fixed length control field: 151029|| aca||aabn | a|a d

040 ## - CATALOGING SOURCE

  • Original cataloging agency: OSt

100 10 - HEADING--PERSONAL NAME

  • Personal name: Maddala, G. S.